[Event "I Open"]
[Site "Castellaneta ITA"]
[Date "1997.08.??"]
[Round "1"]
[White "Ambrosio, Giuseppe"]
[Black "Sansonetti, Giorgio"]
[WhiteElo "2090"]
[BlackElo "2200"]
[Result "1-0"]
[PlyCount "67"]
[EventDate "1997.08.29"]

1. d4 d5 2. c4 c6 3. e3 Nf6 4. Nf3 a6 5. Nc3 b5 6. b3 g6 7. Bd3 Bg7 8. O-O O-O
9. Ne5 Nfd7 10. f4 dxc4 11. bxc4 Bb7 12. c5 Nf6 13. Ne4 Nxe4 14. Bxe4 e6 15.
Bd2 a5 16. a3 f6 17. Nf3 Re8 18. Bc3 Nd7 19. Qb3 Kh8 20. Rad1 Qc7 21. Bb1 Ba6
22. Rf2 Nf8 23. g4 Rab8 24. h4 b4 25. axb4 Bb5 26. Qc2 a4 27. Ba2 Rbd8 28. g5
f5 29. Rh2 Qf7 30. Kf2 Kg8 31. Rdh1 Nd7 32. h5 Kf8 33. hxg6 hxg6 34. Rh7 1-0

[Event "I Open"]
[Site "Castellaneta ITA"]
[Date "1997.08.??"]
[Round "1"]
[White "Di Carlo, Romeo"]
[Black "Mrdja, Milan"]
[WhiteElo "2115"]
[BlackElo "2390"]
[Result "1-0"]
[PlyCount "89"]
[EventDate "1997.08.29"]

1. d4 Nf6 2. Nf3 g6 3. Bf4 Bg7 4. h3 O-O 5. e3 d6 6. Be2 Nfd7 7. O-O e5 8. Bh2
Nc6 9. c4 f5 10. Nc3 g5 11. d5 Ncb8 12. Rc1 h6 13. b4 Kh8 14. c5 Nf6 15. cxd6
cxd6 16. Qb3 a6 17. a4 g4 18. hxg4 Nxg4 19. Bg3 Nd7 20. Nh4 Qg5 21. Bxg4 Qxg4
22. Qd1 Qg5 23. Nf3 Qg6 24. Ne2 Bf6 25. a5 Rg8 26. Rc4 Nf8 27. Qc2 Bd7 28. Rc1
Rb8 29. Ne1 Nh7 30. Rc7 Bb5 31. Qd1 h5 32. Nc3 Be8 33. Rc4 Ng5 34. Qc2 Bf7 35.
Qd1 Rbc8 36. Ne2 Rxc4 37. Rxc4 Ne4 38. Rc7 Rb8 39. Nf3 Qg8 40. Bh4 Bxd5 41. Nc3
Bxh4 42. Nxh4 Qg5 43. Qxd5 Nf6 44. Qf7 Rg8 45. g3 1-0

[Event "I Open"]
[Site "Castellaneta ITA"]
[Date "1997.08.??"]
[Round "1"]
[White "Di Gianni, Rocco"]
[Black "Gueci, Riccardo"]
[WhiteElo "1912"]
[BlackElo "2150"]
[Result "1/2-1/2"]
[PlyCount "68"]
[EventDate "1997.08.29"]

1. d4 d6 2. Nf3 Nf6 3. g3 g6 4. Bg2 Bg7 5. Nbd2 Nbd7 6. e4 c6 7. O-O O-O 8. Qe2
Qc7 9. Rd1 b5 10. b3 a5 11. Bb2 Ba6 12. c3 Nb6 13. e5 Nfd5 14. Qe1 a4 15. Bf1
Bc8 16. Ne4 a3 17. Bc1 Bg4 18. Be2 Bxf3 19. exd6 exd6 20. Bxf3 Rfe8 21. Qd2 f5
22. Ng5 Qe7 23. Nh3 Qf8 24. Qc2 Ra7 25. Bd2 c5 26. dxc5 dxc5 27. Qd3 Nc7 28.
Bf4 Be5 29. Bc6 c4 30. bxc4 bxc4 31. Qe3 Bxf4 32. Qxf4 Rd8 33. Qf3 Nc8 34. Nf4
Rd6 1/2-1/2

[Event "I Open"]
[Site "Castellaneta ITA"]
[Date "1997.08.??"]
[Round "1"]
[White "Lalic, Bogdan"]
[Black "Ricca, Roberto"]
[WhiteElo "2600"]
[BlackElo "2145"]
[Result "1-0"]
[PlyCount "53"]
[EventDate "1997.08.29"]

1. d4 f5 2. g3 Nf6 3. Bg2 g6 4. c3 Bg7 5. Qb3 d5 6. Nh3 c6 7. Nf4 Qc7 8. Nd3
Nfd7 9. O-O O-O 10. Bf4 Qb6 11. Nd2 Qxb3 12. axb3 Re8 13. Nf3 b6 14. b4 Ba6 15.
b3 e5 16. dxe5 Bxd3 17. exd3 Nxe5 18. Nxe5 Bxe5 19. Rfe1 Nd7 20. Bxe5 Rxe5 21.
Rxe5 Nxe5 22. b5 Kf7 23. d4 Ng4 24. bxc6 Ke6 25. c7 a5 26. c4 Nf6 27. cxd5+ 1-0

[Event "I Open"]
[Site "Castellaneta ITA"]
[Date "1997.08.??"]
[Round "1"]
[White "Pizzuto, Samuele Tullio"]
[Black "Ciampi, Vincenzo"]
[WhiteElo "2161"]
[BlackElo "2165"]
[Result "1-0"]
[PlyCount "45"]
[EventDate "1997.08.29"]

1. e4 c5 2. Nc3 Nc6 3. f4 g6 4. Nf3 Bg7 5. Bc4 e6 6. f5 Nge7 7. fxe6 dxe6 8. d3
O-O 9. O-O h6 10. a3 a6 11. Qe1 Nd4 12. Nxd4 cxd4 13. Ne2 Nc6 14. Nf4 b5 15.
Bb3 Qe7 16. Bd2 Bd7 17. Qg3 a5 18. a4 b4 19. Rf2 Ne5 20. Ne2 Qc5 21. Raf1 Nc6
22. Bf4 e5 23. Bxh6 1-0

[Event "I Open"]
[Site "Castellaneta ITA"]
[Date "1997.08.??"]
[Round "1"]
[White "Vignato, Giovanni"]
[Black "Capitelli, Paolo"]
[WhiteElo "2150"]
[BlackElo "1872"]
[Result "0-1"]
[PlyCount "40"]
[EventDate "1997.08.29"]

1. e4 c5 2. Nc3 Nc6 3. g3 g6 4. Bg2 Bg7 5. f4 d6 6. d3 e6 7. Nf3 Nge7 8. O-O
O-O 9. Rb1 b6 10. Be3 Bb7 11. Ne2 d5 12. e5 d4 13. Bf2 Nd5 14. c3 dxc3 15. bxc3
Qd7 16. Qa4 Nxe5 17. Qb3 Nxc3 18. Nxc3 Nxf3+ 19. Bxf3 Bxf3 20. Bxc5 bxc5 0-1

[Event "I Open"]
[Site "Castellaneta ITA"]
[Date "1997.08.??"]
[Round "2"]
[White "Castrogiovanni, Carlo"]
[Black "Campanile, Antonio"]
[WhiteElo "2105"]
[BlackElo "2155"]
[Result "0-1"]
[PlyCount "98"]
[EventDate "1997.08.29"]

1. Nf3 f5 2. e4 fxe4 3. Ng5 Nf6 4. d3 e5 5. dxe4 c6 6. Bc4 d5 7. exd5 cxd5 8.
Bb5+ Nc6 9. O-O Be7 10. Qe2 O-O 11. c3 e4 12. Kh1 h6 13. Bxc6 bxc6 14. Nh3 Bxh3
15. gxh3 Qd7 16. Kg2 Nh7 17. Qg4 Qf5 18. Be3 h5 19. Qxf5 Rxf5 20. f4 exf3+ 21.
Rxf3 Rxf3 22. Kxf3 Ng5+ 23. Bxg5 Bxg5 24. Na3 Rb8 25. b3 Rf8+ 26. Kg2 Bf6 27.
Rc1 Re8 28. Kf3 Kf7 29. Nb1 Bg5 30. Rf1 Re3+ 31. Kg2+ Ke6 32. Rf2 Bh4 33. Rc2
Re1 34. Na3 Be7 35. b4 a5 36. Kf2 Re4 37. Nb1 axb4 38. cxb4 Rxb4 39. Nd2 Kd6
40. Nf3 Bf6 41. Ke2 c5 42. Ne1 c4 43. Kf3 Rb1 44. Ke2 Rb2 45. Ke3 d4+ 46. Ke4
Rxc2 47. Nxc2 Kc5 48. a4 d3 49. Ne3 Bd8 0-1

[Event "I Open"]
[Site "Castellaneta ITA"]
[Date "1997.08.??"]
[Round "2"]
[White "Ciampi, Vincenzo"]
[Black "Sansonetti, Giorgio"]
[WhiteElo "2165"]
[BlackElo "2200"]
[Result "0-1"]
[PlyCount "94"]
[EventDate "1997.08.29"]

1. e4 e6 2. d4 d5 3. Nc3 dxe4 4. Nxe4 Bd7 5. Nf3 Bc6 6. Bd3 Nd7 7. Qe2 Be7 8.
Bd2 Ngf6 9. Neg5 Bxf3 10. Qxf3 c6 11. O-O-O Nb6 12. Qh3 Qxd4 13. Bg6 fxg6 14.
Nxe6 Qg4 15. Qb3 Nfd5 16. Rhe1 Kd7 17. f4 Rab8 18. c4 Qxg2 19. cxd5 Nxd5 20. f5
Bd6 21. Bc3 Rhe8 22. h4 Re7 23. Nxg7 Rxe1 24. Rxe1 gxf5 25. Bd4 Qg4 26. Qd3 Rf8
27. Kb1 Rf7 28. Ne6 Qxh4 29. Qd1 h6 30. Rh1 Qe4+ 31. Ka1 Qxe6 32. Qa4 a5 33.
Rc1 Bc7 34. a3 f4 35. Bf2 Be5 36. Rd1 Kc7 37. Qc4 Qd6 38. Qb3 b5 39. Kb1 a4 40.
Qc2 Kb7 41. Bc5 Qf6 42. Rd3 Ne3 43. Qe2 Nc4 44. Ka2 Nxb2 45. Rd8 Qe6+ 46. Kb1
Qb3 47. Qxe5 Nd3+ 0-1

[Event "I Open"]
[Site "Castellaneta ITA"]
[Date "1997.08.??"]
[Round "2"]
[White "Cucinella, Vincenzo"]
[Black "Lalic, Bogdan"]
[WhiteElo "1971"]
[BlackElo "2600"]
[Result "0-1"]
[PlyCount "86"]
[EventDate "1997.08.29"]

1. Nf3 c5 2. g3 Nc6 3. Bg2 g6 4. d3 Bg7 5. O-O d6 6. Nbd2 Nf6 7. e4 O-O 8. c3
e5 9. Nc4 h6 10. Ne3 Be6 11. Nh4 d5 12. exd5 Nxd5 13. Qe2 Re8 14. Nxd5 Bxd5 15.
Be3 Qd6 16. Rfd1 Rad8 17. Qc2 Rd7 18. Bxd5 Qxd5 19. Qb3 Qxb3 20. axb3 b6 21.
Kf1 Na5 22. Ra3 e4 23. Bxc5 Rxd3 24. Ke2 Rc8 25. Be3 Bf8 26. Ra4 Rcd8 27. Re1
Nxb3 28. Rxe4 R3d5 29. Nf3 Rb5 30. Rb1 Bg7 31. Nd4 Nxd4+ 32. Bxd4 Bxd4 33. Rxd4
Rxd4 34. cxd4 Rb3 35. Kd2 a5 36. Kc2 Rf3 37. Rd1 Kf8 38. Rd2 Ke7 39. h4 Kd6 40.
Re2 Kd5 41. Rd2 a4 42. Kd1 b5 43. Kc2 b4 0-1

[Event "I Open"]
[Site "Castellaneta ITA"]
[Date "1997.08.??"]
[Round "2"]
[White "Gueci, Riccardo"]
[Black "Pizzuto, Samuele Tullio"]
[WhiteElo "2150"]
[BlackElo "2161"]
[Result "1-0"]
[PlyCount "84"]
[EventDate "1997.08.29"]

1. e4 Nf6 2. e5 Nd5 3. d4 d6 4. Bc4 e6 5. Qe2 Nb6 6. Bb3 Be7 7. Qg4 Kf8 8. h4
a5 9. a4 Nc6 10. Nf3 Nb4 11. O-O Bd7 12. h5 h6 13. Nc3 d5 14. Ne2 Qe8 15. Nc3
Kg8 16. Nh4 Qd8 17. Nf3 Kh7 18. Rd1 Rf8 19. Ne2 Qe8 20. c3 Na6 21. Bc2+ Kh8 22.
b3 Qd8 23. Nf4 Be8 24. Be3 Nd7 25. Rac1 c6 26. Kh2 Nc7 27. Rh1 Rg8 28. Kg1 Nf8
29. Rh3 Nh7 30. Ng6+ fxg6 31. hxg6 Nf8 32. Bxh6 gxh6 33. Rxh6+ Kg7 34. Rh7+
Nxh7 35. gxh7+ Bg5 36. Nxg5 Bg6 37. hxg8=Q+ Qxg8 38. Bxg6 Kxg6 39. Nxe6+ Kf7
40. Qxg8+ Rxg8 41. Nxc7 Rc8 42. Nxd5 cxd5 1-0

[Event "I Open"]
[Site "Castellaneta ITA"]
[Date "1997.08.??"]
[Round "2"]
[White "Patavia, Antonio"]
[Black "Di Gianni, Rocco"]
[WhiteElo "2090"]
[BlackElo "1912"]
[Result "1/2-1/2"]
[PlyCount "112"]
[EventDate "1997.08.29"]

1. e4 c5 2. Nf3 d6 3. d4 cxd4 4. Nxd4 Nf6 5. Nc3 e6 6. Be3 Be7 7. f3 a6 8. Qd2
b5 9. O-O-O Bb7 10. g4 Nbd7 11. g5 Nh5 12. Qg2 g6 13. Bd3 Qa5 14. Nb3 Qc7 15.
Rhe1 b4 16. Ne2 e5 17. Qf2 Rc8 18. Kb1 a5 19. Nd2 d5 20. exd5 Bxd5 21. Ne4 a4
22. Nc1 O-O 23. Ba6 Bxe4 24. Bxc8 Bf5 25. Bxd7 Bxd7 26. Bb6 Qb7 27. Rxe5 Be6
28. Bc5 b3 29. cxb3 Bxc5 30. Rxc5 axb3 31. Nxb3 Bxb3 32. axb3 Qxb3 33. Qc2 Qxf3
34. Rc8 Qxd1+ 35. Qxd1 Rxc8 36. Qd7 Rb8 37. Qc7 Rb5 38. Ka2 Kg7 39. Qc3+ Kg8
40. Qd4 Rb8 41. b4 Ng7 42. Qd6 Rf8 43. b5 Ne6 44. b6 Nd8 45. Qc7 Ne6 46. Qd7
Nd8 47. b7 Nxb7 48. Qxb7 Re8 49. Kb3 Re6 50. Kc4 Kg7 51. Qb2+ Kg8 52. h4 Re8
53. Qb6 Kg7 54. Qc7 Re6 55. Kd5 Kg8 56. Qc8+ Kg7 1/2-1/2

[Event "I Open"]
[Site "Castellaneta ITA"]
[Date "1997.08.??"]
[Round "2"]
[White "Ricca, Roberto"]
[Black "Vignato, Giovanni"]
[WhiteElo "2145"]
[BlackElo "2150"]
[Result "0-1"]
[PlyCount "52"]
[EventDate "1997.08.29"]

1. f4 f5 2. e4 fxe4 3. d3 e3 4. Bxe3 Nf6 5. Nc3 g6 6. Nf3 Bg7 7. d4 b6 8. Bd3
Bb7 9. Qe2 Nc6 10. a3 e6 11. f5 gxf5 12. d5 Ne7 13. dxe6 d5 14. Ne5 O-O 15. Nf7
Qc8 16. Nh6+ Kh8 17. Nxf5 Nxf5 18. Bxf5 Ne4 19. Qh5 Rxf5 20. Qxf5 Nxc3 21. bxc3
Bxc3+ 22. Kf2 Qf8 23. g4 Qg7 24. e7 Qxe7 25. Bg5 Qg7 26. Kg3 Rf8 0-1

[Event "I Open"]
[Site "Castellaneta ITA"]
[Date "1997.08.??"]
[Round "3"]
[White "Campanile, Antonio"]
[Black "Ambrosio, Giuseppe"]
[WhiteElo "2155"]
[BlackElo "2090"]
[Result "1-0"]
[PlyCount "65"]
[EventDate "1997.08.29"]

1. c4 Nf6 2. Nc3 e6 3. Nf3 b6 4. e4 Bb7 5. Bd3 d6 6. O-O Nbd7 7. Bc2 c5 8. d4
cxd4 9. Nxd4 Be7 10. f4 O-O 11. b3 a6 12. Qe2 Qc7 13. Ba3 b5 14. e5 Ne8 15. Qd3
g6 16. cxb5 Qa5 17. Bxd6 Nxd6 18. exd6 Bxd6 19. Ne4 Bxe4 20. Qxe4 axb5 21. Kh1
Rfc8 22. Nxe6 Nf6 23. Qd3 Bb4 24. f5 fxe6 25. fxg6 Qc7 26. gxh7+ Kh8 27. Qxb5
Qxc2 28. Qxb4 Qg6 29. Qd4 Rf8 30. Rf2 Kxh7 31. Raf1 Rad8 32. Qh4+ Kg7 33. Rf3
1-0

[Event "I Open"]
[Site "Castellaneta ITA"]
[Date "1997.08.??"]
[Round "3"]
[White "Di Carlo, Romeo"]
[Black "Gueci, Riccardo"]
[WhiteElo "2115"]
[BlackElo "2150"]
[Result "0-1"]
[PlyCount "74"]
[EventDate "1997.08.29"]

1. d4 d6 2. Nf3 Nf6 3. Bf4 g6 4. h3 Bg7 5. e3 Nbd7 6. Be2 O-O 7. O-O c5 8. c3
a6 9. a4 b6 10. Nbd2 Rb8 11. Nb3 Nd5 12. Bh2 Nc7 13. Qc2 Bb7 14. Rfd1 Qc8 15.
Ne1 Nf6 16. Bf3 Bxf3 17. Nxf3 Qb7 18. Nfd2 Ne6 19. Nf3 Rbc8 20. Qe2 c4 21. Nbd2
b5 22. axb5 axb5 23. e4 Ra8 24. e5 dxe5 25. Nxe5 Rxa1 26. Rxa1 Ra8 27. Rxa8+
Qxa8 28. Qd1 Bh6 29. Nb1 Qa1 30. Qc2 Nd5 31. g3 Ng7 32. Kg2 Nf5 33. Bg1 Qa8 34.
Kf1 Nf6 35. Na3 Qh1 36. h4 Nd5 37. Ng4 Qh3+ 0-1

[Event "I Open"]
[Site "Castellaneta ITA"]
[Date "1997.08.??"]
[Round "3"]
[White "Di Gianni, Rocco"]
[Black "Capitelli, Paolo"]
[WhiteElo "1912"]
[BlackElo "1872"]
[Result "1-0"]
[PlyCount "145"]
[EventDate "1997.08.29"]

1. e4 c5 2. d4 cxd4 3. c3 dxc3 4. Nxc3 d6 5. Nf3 e6 6. Bc4 a6 7. O-O b5 8. Bb3
Ra7 9. Qe2 Rd7 10. Be3 Nc6 11. Rfd1 Be7 12. Rac1 Bb7 13. Nd4 Nxd4 14. Bxd4 Nf6
15. f3 O-O 16. Qf2 Qa8 17. Qg3 e5 18. Be3 Kh8 19. Rd2 Rdd8 20. Rcd1 Nh5 21. Qg4
Nf6 22. Qh3 Bc8 23. g4 Be6 24. Bxe6 fxe6 25. g5 Ng8 26. Rg2 d5 27. Bb6 Rd6 28.
Bc5 Rdd8 29. Bb6 Rd6 30. Bc5 Rdd8 31. Bxe7 Nxe7 32. Qxe6 d4 33. Qxe7 dxc3 34.
Rxd8 Qxd8 35. Qxd8 Rxd8 36. bxc3 Rd3 37. Kf2 Rxc3 38. Kg3 Kg8 39. Rd2 Kf7 40.
Rd7+ Kf8 41. Ra7 Ra3 42. h4 Rxa2 43. h5 b4 44. h6 gxh6 45. gxh6 b3 46. Rxh7 b2
47. Rb7 Kg8 48. h7+ Kh8 49. Kg4 a5 50. Kg5 b1=Q 51. Rxb1 Kxh7 52. Kf6 a4 53.
Kxe5 Ra3 54. f4 Rb3 55. Ra1 a3 56. Kf5 Kg7 57. Ra2 Kf7 58. e5 Re3 59. Rh2 Ke7
60. Rh7+ Kd8 61. Ra7 Kc8 62. e6 Kb8 63. Ra4 Kc7 64. Kf6 Kd6 65. f5 Kc7 66. Kf7
Rh3 67. Rxa3 Rxa3 68. e7 Ra8 69. e8=Q Rxe8 70. Kxe8 Kd6 71. Kf7 Kd7 72. f6 Kd8
73. Kg7 1-0

[Event "I Open"]
[Site "Castellaneta ITA"]
[Date "1997.08.??"]
[Round "3"]
[White "Pizzuto, Samuele Tullio"]
[Black "Mrdja, Milan"]
[WhiteElo "2161"]
[BlackElo "2390"]
[Result "0-1"]
[PlyCount "66"]
[EventDate "1997.08.29"]

1. e4 c5 2. Nc3 e6 3. f4 Nc6 4. Nf3 Nge7 5. g3 d5 6. d3 b6 7. Bh3 g6 8. O-O Bg7
9. Bd2 O-O 10. Rb1 Ba6 11. e5 Bb7 12. a3 a5 13. Nb5 a4 14. Nd6 Ba6 15. Nxf7
Rxf7 16. Bxe6 Bc8 17. Bxf7+ Kxf7 18. d4 Nxd4 19. Nxd4 cxd4 20. Bb4 Nc6 21. Bd6
Bf5 22. Qe2 Qd7 23. Rbe1 Ra5 24. b4 axb3 25. cxb3 d3 26. Qe3 Qxd6 27. exd6 Bd4
28. Qxd4 Nxd4 29. Re7+ Kf6 30. Rb7 Rxa3 31. d7 Ke7 32. Re1+ Be4 33. Kf1 Ra2 0-1

[Event "I Open"]
[Site "Castellaneta ITA"]
[Date "1997.08.??"]
[Round "3"]
[White "Ricca, Roberto"]
[Black "Castrogiovanni, Carlo"]
[WhiteElo "2145"]
[BlackElo "2105"]
[Result "1-0"]
[PlyCount "133"]
[EventDate "1997.08.29"]

1. f4 d5 2. Nf3 c5 3. g3 Nc6 4. Bg2 Bf5 5. d3 Qd7 6. h3 h5 7. e3 Nf6 8. Qe2
O-O-O 9. Nc3 d4 10. e4 Bg6 11. Nd1 Qc7 12. Nf2 e6 13. Nh4 Bh7 14. e5 Nd5 15.
Qxh5 Ne3 16. Qe2 Qa5+ 17. Bd2 Nxc2+ 18. Kd1 Ne3+ 19. Kc1 Qa4 20. b3 Qa3+ 21.
Kb1 Nb4 22. Rc1 Be7 23. Be4 Kb8 24. Ng2 Bxe4 25. Nxe4 Nxd3 26. Qxd3 Nxg2 27.
Rc4 Qa6 28. h4 f6 29. Qf3 Ne3 30. Bxe3 dxe3 31. Qxe3 b6 32. Kb2 Qb7 33. Rf1 Rd7
34. f5 exf5 35. Rxf5 Qd5 36. Qf4 fxe5 37. Rxe5 Bf6 38. Nxf6 Qd2+ 39. Ka3 Qxf4
40. Rxf4 gxf6 41. Rxf6 Rg7 42. Rf3 Rhg8 43. Ree3 Kb7 44. Kb2 Kc6 45. Kc3 Kd5
46. Kd3 Rg4 47. Ke2 c4 48. bxc4+ Rxc4 49. Rf5+ Kc6 50. Kf3 Rc2 51. a4 Rc4 52.
Rf4 Rxf4+ 53. Kxf4 b5 54. axb5+ Kxb5 55. g4 Kc5 56. g5 a5 57. h5 Kd4 58. Re1
Rf8+ 59. Kg4 a4 60. g6 Rf2 61. h6 Rg2+ 62. Kf5 Kc3 63. h7 Rf2+ 64. Ke6 Rh2 65.
Kf7 a3 66. Kg7 a2 67. h8=Q 1-0

[Event "I Open"]
[Site "Castellaneta ITA"]
[Date "1997.08.??"]
[Round "3"]
[White "Sansonetti, Giorgio"]
[Black "Cucinella, Vincenzo"]
[WhiteElo "2200"]
[BlackElo "1971"]
[Result "1/2-1/2"]
[PlyCount "96"]
[EventDate "1997.08.29"]

1. d4 Nf6 2. Nc3 d6 3. e4 c6 4. f4 Qa5 5. Bd3 e5 6. Nf3 Bg4 7. Be3 Nbd7 8. Qd2
Be7 9. O-O Bxf3 10. Rxf3 Ng4 11. fxe5 dxe5 12. Bc4 Ndf6 13. Kh1 Nxe3 14. Qxe3
exd4 15. Qxd4 Rd8 16. Qe3 O-O 17. Rf5 Qb4 18. Bb3 Qd4 19. Qf3 Qb4 20. e5 Nd5
21. Nxd5 cxd5 22. Bxd5 Qxb2 23. Rf1 Qd4 24. Bb3 Kh8 25. Rxf7 Rxf7 26. Qxf7 Qxe5
27. Qe6 Qxe6 28. Bxe6 Bf6 29. g3 Rd2 30. Bf5 Rd8 31. Bd3 Kg8 32. Re1 g6 33. Re6
Kg7 34. Kg2 Rd7 35. Re8 Re7 36. Rc8 Bd4 37. Kf3 Kf6 38. Be4 b6 39. Rd8 Bc5 40.
h4 Rf7 41. Bd5 Ke7+ 42. Bxf7 Kxd8 43. g4 Ke7 44. Bg8 Kf8 45. Bc4 h6 46. h5 gxh5
47. gxh5 Ke7 48. Kg4 Kf6 1/2-1/2

[Event "I Open"]
[Site "Castellaneta ITA"]
[Date "1997.08.??"]
[Round "3"]
[White "Vignato, Giovanni"]
[Black "Patavia, Antonio"]
[WhiteElo "2150"]
[BlackElo "2090"]
[Result "1/2-1/2"]
[PlyCount "56"]
[EventDate "1997.08.29"]

1. e4 e6 2. d4 d5 3. Nd2 Nf6 4. e5 Ng8 5. Bd3 b6 6. Ne2 Ba6 7. Bxa6 Nxa6 8. O-O
Qd7 9. f4 g6 10. Nf3 Be7 11. c3 h5 12. Qd3 Nb8 13. f5 gxf5 14. Nf4 Bd8 15. a4
Ne7 16. Ng5 Nbc6 17. Ngh3 Na5 18. Qd1 h4 19. Nh5 Nec6 20. Ng5 Be7 21. Rb1 Nd8
22. b3 Ndb7 23. Qe2 Kf8 24. Qf3 Qd8 25. Nh3 c5 26. Ba3 Rc8 27. dxc5 Nxc5 28.
Nf6 Naxb3 1/2-1/2

[Event "I Open"]
[Site "Castellaneta ITA"]
[Date "1997.08.??"]
[Round "4"]
[White "Capitelli, Paolo"]
[Black "Ricca, Roberto"]
[WhiteElo "1872"]
[BlackElo "2145"]
[Result "0-1"]
[PlyCount "146"]
[EventDate "1997.08.29"]

1. e4 e5 2. Nf3 Nc6 3. Bc4 Nf6 4. d3 Be7 5. Nc3 d6 6. h3 O-O 7. Be3 Na5 8. Bb3
Nxb3 9. axb3 Kh8 10. O-O a6 11. d4 exd4 12. Nxd4 d5 13. e5 Ng8 14. Nf3 Be6 15.
Qd2 c5 16. Bf4 Qd7 17. Rad1 d4 18. Ne4 Bd5 19. Rfe1 Qc6 20. Qd3 f5 21. Ned2 g5
22. Bxg5 Bxg5 23. Nxg5 Bxg2 24. Qg3 Bd5 25. Kh2 Qh6 26. Qf4 Rae8 27. Nc4 Be6
28. Nd6 Re7 29. Rd3 b6 30. Rg1 Qh5 31. Qg3 Bd5 32. e6 f4 33. Ngf7+ Rexf7 34.
Nxf7+ Qxf7 35. exf7 fxg3+ 36. Rdxg3 Bxf7 37. Ra1 a5 38. Re1 Bd5 39. Kg1 Nf6 40.
Rg5 Rg8 41. h4 h6 42. Rxg8+ Kxg8 43. Kh2 Kf7 44. Kg3 Be4 45. Re2 d3 46. cxd3
Bxd3 47. Re3 Bf5 48. Re5 Be6 49. Re3 b5 50. f3 c4 51. bxc4 Bxc4 52. Ra3 a4 53.
Re3 Be6 54. Kf2 Nd5 55. Re1 Ke7 56. Rc1 Kd6 57. h5 Bf7 58. Kg3 Nb6 59. Kh4 Nc4
60. Rd1+ Kc5 61. Rd7 Bd5 62. Rc7+ Bc6 63. f4 Nxb2 64. f5 a3 65. f6 Kb6 66. f7
Kxc7 67. f8=Q Kb6 68. Qf2+ Ka5 69. Qa7+ Kb4 70. Qd4+ Ka5 71. Qa7+ Kb4 72. Qd4+
Nc4 73. Kg3 Kb3 0-1

[Event "I Open"]
[Site "Castellaneta ITA"]
[Date "1997.08.??"]
[Round "4"]
[White "Castrogiovanni, Carlo"]
[Black "Ciampi, Vincenzo"]
[WhiteElo "2105"]
[BlackElo "2165"]
[Result "1/2-1/2"]
[PlyCount "68"]
[EventDate "1997.08.29"]

1. Nf3 d6 2. d4 Bg4 3. e4 Nd7 4. Bd3 e5 5. c3 Ngf6 6. Nbd2 Be7 7. Qb3 Rb8 8. h3
Bh5 9. dxe5 dxe5 10. Bb1 O-O 11. O-O c6 12. g4 Bg6 13. Nh4 Nc5 14. Qc4 b5 15.
Qe2 Ne6 16. Nxg6 fxg6 17. Nf3 Nd7 18. a4 Kh8 19. axb5 cxb5 20. Rxa7 Bc5 21. Ra6
Qc7 22. Bc2 Nf4 23. Bxf4 Rxf4 24. Re6 Qd8 25. b4 Bb6 26. Nxe5 Nxe5 27. Rxe5 Qh4
28. Kg2 Rbf8 29. f3 Bc7 30. Qxb5 Bxe5 31. Qxe5 Qd8 32. Qd5 h6 33. Kg3 g5 34. c4
Qb8 1/2-1/2

[Event "I Open"]
[Site "Castellaneta ITA"]
[Date "1997.08.??"]
[Round "4"]
[White "Cucinella, Vincenzo"]
[Black "Vignato, Giovanni"]
[WhiteElo "1971"]
[BlackElo "2150"]
[Result "1/2-1/2"]
[PlyCount "105"]
[EventDate "1997.08.29"]

1. d4 f5 2. g3 Nf6 3. Bg2 g6 4. Nc3 d5 5. Bg5 c6 6. h4 Bg7 7. Nh3 Qb6 8. Qd2
Qxb2 9. Rb1 Qa3 10. Rb3 Qd6 11. Bf4 Qd8 12. Bh6 O-O 13. Bxg7 Kxg7 14. Nf4 Na6
15. Rxb7 Nc7 16. Rb1 Ne6 17. O-O Qd6 18. Nxe6+ Qxe6 19. e3 Ne4 20. Nxe4 fxe4
21. Qa5 Qd6 22. c4 Bg4 23. cxd5 cxd5 24. Rfc1 Be2 25. Rb2 Bc4 26. Bxe4 Bxa2 27.
Bd3 Bc4 28. Bxc4 dxc4 29. Rxc4 Rfc8 30. Rbc2 Rxc4 31. Rxc4 Rb8 32. Rc7 a6 33.
Qc5 Qxc5 34. dxc5 Kf7 35. Ra7 Rc8 36. Rxa6 Rxc5 37. Kg2 Rc2 38. g4 Rb2 39. Kg3
Rc2 40. Ra5 Rb2 41. f3 Rb3 42. Kf4 Rc3 43. Re5 Kf6 44. Ra5 Rb3 45. h5 Rc3 46.
Ra6+ Kf7 47. hxg6+ hxg6 48. Ra4 Rb3 49. g5 Rc3 50. Re4 Rb3 51. Ke5 Rb5+ 52. Kf4
Rb3 53. Kg4 1/2-1/2

[Event "I Open"]
[Site "Castellaneta ITA"]
[Date "1997.08.??"]
[Round "4"]
[White "Leoncini, Mario"]
[Black "Pizzuto, Samuele Tullio"]
[WhiteElo "2180"]
[BlackElo "2161"]
[Result "1-0"]
[PlyCount "81"]
[EventDate "1997.08.29"]

1. e4 Nf6 2. e5 Nd5 3. d4 d6 4. Nf3 Bg4 5. Be2 e6 6. c4 Nb6 7. exd6 cxd6 8. O-O
Be7 9. Nc3 O-O 10. b3 N8d7 11. Be3 f5 12. Re1 Bf6 13. Rc1 Nc8 14. Nd2 Bxe2 15.
Qxe2 e5 16. dxe5 dxe5 17. f4 Ne7 18. Nf3 e4 19. Nd4 Qc8 20. Ne6 Re8 21. Nd5 Nb6
22. Nec7 Nexd5 23. cxd5 Qd7 24. Nxa8 Rxa8 25. Red1 Rd8 26. Bxb6 axb6 27. d6 Qe6
28. Qc4 Kf7 29. Kf1 Rd7 30. a4 h6 31. Ke2 g5 32. g3 gxf4 33. gxf4 Bg7 34. Qxe6+
Kxe6 35. Rc7 Bf8 36. Rxd7 Kxd7 37. Rd5 Bxd6 38. Rxf5 Ke6 39. Rb5 Bc5 40. b4 Bd4
41. Rh5 1-0

[Event "I Open"]
[Site "Castellaneta ITA"]
[Date "1997.08.??"]
[Round "4"]
[White "Mrdja, Milan"]
[Black "Di Gianni, Rocco"]
[WhiteElo "2390"]
[BlackElo "1912"]
[Result "1-0"]
[PlyCount "51"]
[EventDate "1997.08.29"]

1. e4 c5 2. Nf3 d6 3. d4 cxd4 4. Nxd4 Nf6 5. f3 a6 6. c4 e6 7. Nc3 Be7 8. Be2
Qc7 9. Be3 Nbd7 10. Rc1 b6 11. O-O Bb7 12. Qd2 Rc8 13. b3 O-O 14. g4 Ne5 15. g5
Nfd7 16. f4 Nc6 17. f5 Nxd4 18. Bxd4 Rfe8 19. Bg4 Bf8 20. Qf2 Nc5 21. Rcd1 Nxe4
22. Nxe4 Bxe4 23. Bxb6 Qb7 24. fxe6 fxe6 25. Bd4 Rc7 26. Bxe6+ 1-0

[Event "I Open"]
[Site "Castellaneta ITA"]
[Date "1997.08.??"]
[Round "4"]
[White "Patavia, Antonio"]
[Black "Ambrosio, Giuseppe"]
[WhiteElo "2090"]
[BlackElo "2090"]
[Result "1/2-1/2"]
[PlyCount "112"]
[EventDate "1997.08.29"]

1. e4 c5 2. Nf3 d6 3. d4 cxd4 4. Nxd4 Nf6 5. Nc3 Nc6 6. Be2 e5 7. Nb3 Be7 8.
O-O O-O 9. Be3 a5 10. a3 a4 11. Nd2 d5 12. Nxd5 Nxd5 13. exd5 Qxd5 14. Bc4 Qa5
15. Ne4 Bf5 16. Qf3 Bg6 17. c3 Qc7 18. Bd5 Na5 19. Ng3 Rab8 20. Nf5 Bf6 21. Qg4
b5 22. Rad1 Nc4 23. Bc1 Rbd8 24. g3 Rfe8 25. h4 Qc8 26. Be4 Nd6 27. Rxd6 Rxd6
28. h5 Bxf5 29. Bxf5 Qc4 30. Be4 Red8 31. Re1 Qb3 32. Bf3 g6 33. hxg6 hxg6 34.
Kg2 Kg7 35. Rh1 Rh8 36. Re1 Qe6 37. Be3 Qxg4 38. Bxg4 Rb8 39. Bf3 Rd7 40. Kf1
Be7 41. Ke2 Rc7 42. Rh1 Bc5 43. Bh6+ Kf6 44. Be4 Ke6 45. g4 Rh8 46. g5 Rd8 47.
Bf3 Rcd7 48. Bg4+ Ke7 49. Bxd7 Rxd7 50. Bg7 Ke6 51. Rh8 Kf5 52. Rb8 Kxg5 53.
Rxb5 Ba7 54. Rxe5+ f5 55. Bf8 Rb7 56. Bb4 Bb8 1/2-1/2

[Event "I Open"]
[Site "Castellaneta ITA"]
[Date "1997.08.??"]
[Round "4"]
[White "Sansonetti, Giorgio"]
[Black "Di Carlo, Romeo"]
[WhiteElo "2200"]
[BlackElo "2115"]
[Result "1-0"]
[PlyCount "73"]
[EventDate "1997.08.29"]

1. d4 d5 2. Nc3 c6 3. f3 Nf6 4. Bg5 e6 5. e4 Be7 6. e5 Nfd7 7. Bxe7 Qxe7 8. f4
c5 9. Nf3 a6 10. Qd2 Nc6 11. dxc5 Nxc5 12. Bd3 b6 13. O-O Bb7 14. a3 g6 15. b4
Nxd3 16. cxd3 O-O 17. Rfc1 f6 18. d4 fxe5 19. dxe5 Rac8 20. Ne2 b5 21. Rc5 Nb8
22. Rac1 Rxc5 23. bxc5 Rc8 24. Qb4 Nc6 25. Qc3 a5 26. Ned4 Ba6 27. Nxc6 Rxc6
28. Nd4 Rc8 29. Qxa5 Rxc5 30. Rxc5 Qxc5 31. Qd8+ Kg7 32. Qc7+ Qxc7 33. Nxe6+
Kf7 34. Nxc7 Bc8 35. Nxb5 Ke6 36. Kf2 g5 37. Nd4+ 1-0

[Event "I Open"]
[Site "Castellaneta ITA"]
[Date "1997.08.??"]
[Round "4"]
[White "Vujovic, Milorad"]
[Black "Campanile, Antonio"]
[WhiteElo "2240"]
[BlackElo "2155"]
[Result "1-0"]
[PlyCount "63"]
[EventDate "1997.08.29"]

1. e4 d5 2. exd5 Qxd5 3. Nc3 Qa5 4. h3 Bf5 5. b4 Qb6 6. Nf3 e6 7. Rb1 Nf6 8.
Bb5+ c6 9. Bc4 Nbd7 10. O-O Bd6 11. d3 O-O 12. Be3 Qc7 13. b5 Nd5 14. Nxd5 cxd5
15. Bb3 Nc5 16. Nh4 Bg6 17. Nxg6 hxg6 18. c4 dxc4 19. Bxc4 Rfd8 20. Rc1 Qe7 21.
Qg4 Rdc8 22. Bg5 Qe8 23. Rfe1 Be7 24. Be3 Bf6 25. Bxc5 Rxc5 26. Rxe6 Qc8 27.
Rxf6 gxf6 28. Qxg6+ Kh8 29. Qxf6+ Kh7 30. Qxf7+ Kh8 31. Qf6+ Kh7 32. Re1 1-0